Pasívne domy na báze dreva

Bibliographic Details
Main Authors: Bebej, Daniel (Author), Jančošek, Milo (Author)
Format: Article
Language:Slovak

MARC

LEADER 00000nab a2200000ua 4500
001 vtls010854888
003 SK-MaSNL
005 20260303144315.0
008 230222s2008 xo |||||||||||||||||slo|
035 |a (urnnbn)urn:nbn:sk:snk:ar-a07gmf 
035 |a urn:nbn:sk:snk-ab6ec0 
035 |a (uuid)57919ee5-7377-4d1c-a1ee-c2269bdea9dc 
040 |a SNKBUCL  |b slo  |c SNKBUCL  |e AACR2 
041 0 |a slo 
044 |a xo  |c SK 
100 1 |a Bebej, Daniel  |4 aut  |9 1160750 
245 1 0 |a Pasívne domy na báze dreva  |c Daniel Bebej, Milo Jančošek 
700 1 |a Jančošek, Milo  |4 aut  |9 1165725 
773 0 |t Stavebné materiály : technológie, výrobky, konštrukcie  |g Roč. 4, č. 10 (2008), s. 42-44 
954 |a odborná, vedecká literatúra pôvodná (slovenská)  |2 lita 
958 |a OND 
958 |a EUIPO 
958 |a article5 
999 |c 1996331  |d 1998261